|
|
|
|
| LEADER |
00851nam a2200193 a 4500 |
| 001 |
012673834 |
| 008 |
090512s1980 enka 000 0 eng d |
| 020 |
|
|
|a 090303171X (sd) :
|c Đ1.95
|
| 040 |
|
|
|a Uk
|c Uk
|
| 082 |
0 |
4 |
|a 621.9/08/091724
|2 18
|
| 100 |
1 |
|
|a Armstrong, William,
|d 1916-
|
| 245 |
1 |
0 |
|a Better tools for the job :
|b specifications for hand tools and equipment /
|c by William Armstrong.
|
| 260 |
|
|
|a London :
|b Intermidiate Technology Publications,
|c 1980.
|
| 300 |
|
|
|a 43p. :
|b ill. ;
|c 26cm.
|
| 541 |
1 |
|
|e 00000360
|
| 650 |
|
0 |
|a Underdeveloped areas
|x Tools
|x Standards.
|
| 852 |
4 |
|
|a Ayesha Abed Library
|j Generalshelf
|
| 999 |
|
|
|c 635
|d 635
|
| 952 |
|
|
|0 0
|1 4
|2 ddc
|4 0
|6 621_908091724000000_ARM
|7 0
|9 17646
|a BRACUL
|b BRACUL
|c GEN
|d 2011-07-26
|g 214.50
|l 0
|o 621.908091724 ARM
|p 3010000360
|r 2011-07-26
|t 1
|w 2011-07-26
|y BK
|x Koha Inventory 2020
|